000
00304nas a2200121 4500
005
20211029125808.0
008
211029b ||||| |||| 00| 0 eng d
022
_a
0973-2586
040
_c
245
_a
Journal of creative communications
260
_a
Sage Publicatioons
_b
July 2021
942
_2
ddc
_c
PR
999
_c
220284
_d
220284